| 000 | 01226nam a2200301 i 4500 | ||
|---|---|---|---|
| 001 | bg | ||
| 003 | KOSZ 005 | ||
| 005 | 20190819134740.0 | ||
| 008 | 080205s1967 pl a f 010 0 pol | ||
| 015 | _aPB 1967/6150 | ||
| 040 |
_aWA N _cKOSZ 005/RW _dKOSZ 005/RW |
||
| 041 | 0 |
_apol _beng _brus |
|
| 080 | _a629.1 | ||
| 245 | 0 | 0 |
_aProblemy budownictwa okrętowego : _bzbiór prac poświęconych 80-leciu urodzin prof. dr Aleksandra Rylkego / _cGdańskie Towarzystwo Naukowe. Wydział IV Nauk Technicznych. |
| 260 |
_aGdańsk : _bGdańskie Towarzystwo Naukowe : _bna zlec. Politechniki Gdańskiej, _c1967. |
||
| 300 |
_a314, [2] s., [11] k. tabl. : _bil., err. ; _c25 cm. |
||
| 380 | _aKsiążki. | ||
| 490 | 1 |
_aActa Technica Gedanensia _vnr 4. |
|
| 504 | _aBibliogr. przy pracach. | ||
| 546 | _aStreszcz. ang., ros. | ||
| 600 | 1 | 4 |
_aRylke, Aleksander _d(1887-1968) |
| 650 | 4 |
_aStatki _xbudowa i konstrukcje. |
|
| 655 | 4 | _aKsięga pamiątkowa | |
| 710 | 2 |
_aGdańskie Towarzystwo Naukowe. _bWydział IV Nauk Technicznych. |
|
| 830 | 0 |
_aActa Technica Gedanensia _vnr 4. |
|
| 856 |
_uhttp://koha.tu.koszalin.pl/cgi-bin/koha/opac-detail.pl?biblionumber=7981 _yKatalog online BPK |
||
| 942 |
_2UKD _cKS |
||
| 999 |
_c7981 _d7981 |
||